00402nam a22001337a 450000500170000000800410001704100230005808200130008110000230009424500460011726000550016330000250021865000250024320240829132810.0240829b |||||||| |||| 00| 0 eng d aEnglish/Afrikaans  a349 STA lEnglish/Afrikaans  aStatutes of the Republic of South Africa  aDurban: bButterworth Publisher (Pty) Ltd, c1989  b705 pages; c33 cm.  aLegal practice bLaw